000 00721nam a22002417a 4500
003 UA-OsUOA
001 21473
007 ta
008 20031208b un ||||| |||| 00| 0 ukr d
100 _aДоцик Наталія
700 _aКорінйчук Людмила
090 _a94 (477). 075
_bД71
942 _cSA
040 _aUA-OsUOA
_bukr
_cUA-OsUOA
_dUA-OsUOA
245 _aВшановуймо пам'ять невинних душ...
_bпро голодомор в Україні 1932-1933 рр.
300 _aС.2
955 _a0
041 _aukr
080 _a94 (477). 075
044 _aUA
773 0 _w0
_tВісті Рівненщини
_dРівне
_d2003
_g21 листопада
650 7 _2UDC
999 _c307671
_d307671